Liste des 50 états des USA - Statistiques

Statistiques générales
  • Ce quiz a été pris 4 257 fois
  • Le résultat moyen est 36 sur 50
Statistiques - réponses
Etats % Correct
5 Californie
91%
35 New York
91%
1 Alabama
89%
43 Texas
89%
2 Alaska
88%
13 Floride
86%
48 Washington
86%
6 Caroline du Nord
83%
7 Caroline du Sud
83%
4 Arkansas
82%
3 Arizona
81%
15 Hawaï
81%
10 Dakota du Nord
77%
11 Dakota du Sud
77%
36 Nouveau Mexique
76%
37 Ohio
76%
8 Colorado
75%
28 Mississippi
75%
32 Nevada
75%
34 New Jersy
74%
14 Géorgie
73%
22 Louisiane
73%
44 Utah
73%
20 Kansas
72%
46 Virginie
72%
17 Illinois
71%
23 Maine
70%
9 Connecticut
69%
21 Kentucky
69%
25 Massachusetts
69%
26 Michigan
69%
16 Idaho
68%
49 Wisconsin
68%
50 Wyoming
68%
27 Minnesota
67%
39 Oregon
67%
12 Delaware
66%
18 Indiana
66%
19 Iowa
65%
30 Montana
65%
31 Nebraska
65%
40 Pennsylvanie
65%
29 Missouri
64%
38 Oklahoma
64%
42 Tennessee
64%
24 Maryland
63%
33 New Hampshire
63%
45 Vermont
62%
41 Rhode Island
58%
47 Virginie Occidentale
56%
Aucun quiz correspondant
Distribution des résultats
% des personnes avec chaque résultat
Percentile par nombre de réponses
Votre historique - résultats
Vous n’avez pas pris ce quiz